Polislerin sorunlarını biz çözeceğiz/ (Record no. 14955)

MARC details
000 -BAŞLIK
Sabit Uzunlukta Kontrol Alanı 00696nam a22002057a 4500
999 ## - SİSTEM KONTROL NUMARALARI (KOHA)
Koha Biblionumber 14955
Koha Biblioitemnumber 14955
003 - KONTROL NUMARASI IDENTIFIER
Denetim Alanı MIRAKIL
005 - SON İŞLEM TARİHİ VE ZAMANI
Denetim Alanı 20220809160501.0
008 - SABİT-BOY VERİ ELEMANLARI - GENEL BİLGİLER
Sabit Uzunlukta Kontrol Alanı 220809b tu ||||| |||| 00| 0 tur d
040 ## - KATALOGLAMA KAYNAK
Orijinal Kataloglama Ajansı TR-AnCHP
Metne Dönüştürmek Ajansı TR-AnCHP
041 ## - DİL KODU
Metin / Ses Parça Veya Ayrı Başlığın Dil Kodu tur
082 ## - DEWEY ONLU SINIFLANDIRMA NUMARASI
Sınıflandırma Numarası CHP 363.2
Ürün Numarası C36p 2022
090 ## - SINIFLAMA NUMARASI
Sınıflama Numarası BROŞÜR 604
245 10 - BAŞLIK TABLOSU
Başlık Polislerin sorunlarını biz çözeceğiz/
Sorumluluk Tablosu, Vb Cumhuriyet Halk Partisi.
260 ## - YAYIN, DAĞITIM, VB
Yayın, Dağıtım, Vb Yeri Ankara:
Yayıncı, Dağıtıcı, Vs Adı CHP,
Yayın, Dağıtım, Vb Tarihi 2022.
300 ## - FİZİKSEL TANIM
Kapsam 2 s.;
Boyutlar 21 sm.
600 #0 - KONU KATMA GİRİŞ - KURUMSAL ADI
9 (RLIN) 5793
Kişisel Ad Cumhuriyet Halk Partisi (CHP)
Genel Alt Bölümü Propaganda ve ideolojiler
-- polisler
600 #0 - KONU KATMA GİRİŞ - KURUMSAL ADI
9 (RLIN) 5793
Kişisel Ad Cumhuriyet Halk Partisi (CHP)
Genel Alt Bölümü Polisler
-- sorunlar ve çözüm önerileri
650 #0 - KONU KATMA GİRİŞ - TOPİKAL DÖNEM
9 (RLIN) 9
Topikal Süreli Veya Coğrafi Ad Giriş Elemanı Siyaset ve yönetim
Genel Alt Bölümü Türkiye
Kronolojik Alt Bölümü 2022-
942 ## - EKLENDİ GİRİŞ ELEMANLARI (KOHA)
Sınıflandırma Veya Raf Düzeni Kaynak Dewey Decimal Classification
Koha Öğesi Türü Visual Material
Holdings
Kalıcı Konum Mevcut Konum Edinme Tarihi Toplam Check-Out'Lar Tam Çağrı Numarası Barkod Tarih Son Görülme İtibaren Geçerli Fiyatlar Koha Öğesi Türü
CHP Kütüphanesi CHP Kütüphanesi 08/09/2022   BROŞÜR 604 020490 08/09/2022 08/09/2022 Visual Material